Prison Break Characters - Season One - Statistics

General Stats
  • This quiz has been taken 1,858 times
  • The average score is 15 of 25
Answer Stats
# Hint Answer % Correct
2 Sentenced to death for killing the vice president's brother Lincoln Burrows
98%
1 Mastermind of the escape plan Michael Scofield
97%
5 #1's hispanic cell mate Fernando Sucre
92%
9 Paedophile that manages to bargain his way into the escape T-Bag
90%
4 Mob boss who's job is to provide the jet John Abruzzi
87%
6 #2's son LJ Burrows
85%
3 Lawyer fighting for #2's case, also his ex-girlfriend Veronica Donovan
83%
7 Captain CO at Fox River Brad Bellick
82%
11 Fox River doctor Dr Sara Tancredi
81%
10 Ex-soldier who hides his imprisonment from his family C-Note
79%
8 Works for the vice president and in charge of killing #2 Paul Kellerman
74%
18 Mentally ill inmate who becomes #1's cell mate. Haywire
70%
14 Oldest escapee and holds the secret to a large sum of money Charles Westmoreland
68%
12 Fox River warden Henry Pope
67%
17 Young inmate that supplies information to #7 and later joins the escape Tweener
66%
21 #15's brother who is supposedly dead Terrence Steadman
46%
15 The Vice President Caroline Reynolds
43%
25 Marries Michael for a green card and smuggles him a credit card in visitation Nika Volek
36%
24 After failing to supply #7 with info, #17 shares a cell with this intimidating inmate Avocado
35%
13 Works for 'Project Justice' and fights for #2's case Nick Savrinn
35%
19 #11's father and #12's boss, later awarded vice presidentship Governor Frank Tancredi
34%
23 #1 and #2's father, an ex-company agent Aldo Burrows
26%
16 Works for the Vice President and is the right hand man of #8 Danny Hale
24%
20 Mob boss that controls #4 from the outside Philly Falzone
15%
22 Company agent who is employed to "supervise" #8 and #16 Quinn
9%
No matching quizzes found
Score Distribution
Percent of People with Each Score
Percentile by Number Answered
Your Score History
You have not taken this quiz